000 00468cam a2200193ua 4500
001 7447
008 141210n ii |||gr||||Z||||||ben
040 _cMAIN
041 _aben
082 _a294.5
100 _aPrajnanananda, S.,
_eAuthor.
245 1 _aTantratatba prabeshika
_cBy Swami Prajnanananda
250 _a1st.
260 _aCalcutta:
_bSriramkrishna,
_c1988.
300 _a194p.
653 _aReligions ofIndic origin
653 _aHinduism
942 _cBK
999 _c6570
_d6570